[Event "San Francisco TNM Summer op"]
[Site "San Francisco"]
[Date "2015.06.09"]
[Round "3"]
[White "Standen, Julian"]
[Black "Mondal, Aniket"]
[Result "1/2-1/2"]
[WhiteElo "1634"]
[BlackElo "800"]
[PlyCount "63"]
[EventDate "2015.05.26"]
[EventType "swiss"]
[EventRounds "8"]
[EventCountry "USA"]
[SourceTitle "EXT 2016"]
[Source "ChessBase"]
[SourceDate "2015.10.08"]
[SourceVersion "1"]
[SourceVersionDate "2015.10.08"]
[SourceQuality "1"]

1. d4 d5 2. Nf3 Nf6 3. e3 e6 4. Bd3 Be7 5. Nbd2 0-0 6. 0-0 Nbd7 7. Qe2 Bd6 8. e4 dxe4 9. Nxe4 e5 10. Nxd6 cxd6 11. dxe5 Re8 12. Bg5 dxe5 13. Bb5 a6 14. Ba4 b5 15. Bb3 Qc7 16. Rfd1 Bb7 17. Rd2 Rac8 18. c3 Ne4 19. Rdd1 Ndc5 20. Bd5 Bxd5 21. Rxd5 Nxg5 22. Nxg5 f6 23. Ne4 Nxe4 24. Qxe4 Qc6 25. Rad1 Rcd8 26. Rxd8 Qxe4 27. Rxe8+ Kf7 28. Red8 Kg6 29. h3 Kg5 30. R8d7 Kh6 31. Ra7 Qe2 32. Rdd7 1/2-1/2